Most Appearances in a Man Utd Jersey by Country - Statistics

General Stats
  • This quiz has been taken 113 times
  • The average score is 19 of 40
Answer Stats
Country Player Years Apps Goals % Correct
Portugal Cristiano Ronaldo 2003-09, 2021-23 346 145
85%
Bulgaria Dimitar Berbatov 2008-12 149 56
76%
Wales Ryan Giggs 1990-2014 963 168
74%
England Bobby Charlton 1956-73 758 249
73%
Brazil Fred 2018-present 213 14
72%
Ecuador Antonio Valencia 2009-19 339 25
68%
Northern Ireland George Best 1963-74 470 179
67%
Chile Alexis Sanchez 2018-20 45 5
66%
Japan Shinji Kagawa 2012-14 57 6
66%
Germany Bastian Schweinsteiger 2015-17 35 2
65%
Spain David de Gea 2011-present 545 0
64%
Italy Matteo Darmian 2015-19 92 1
63%
Sweden Victor Lindelof 2017-present 231 3
63%
Argentina Marcos Rojo 2014-21 122 2
61%
Austria Marcel Sabitzer 2023-present 18 3
60%
Serbia Nemanja Vidic 2006-14 300 21
60%
Norway Ole-Gunnar Solskjaer 1996-07 366 126
60%
Ivory Coast Eric Bailly 2016-present 113 1
59%
Belgium Marouane Fellaini 2013-19 177 22
59%
Netherlands Edwin van der Saar 2005-11 266 0
56%
Armenia Henrikh Mkhitaryan 2016-18 63 13
56%
Trinidad & Tobago Dwight Yorke 1998-02 152 66
53%
Uruguay Diego Forlan 2001-05 98 17
52%
U.S.A Tim Howard 2003-07 77 0
48%
Colombia Ramadel Falcao 2014-15 29 4
45%
Australia Mark Bosnich 1989-91, 1999-00 38 0
44%
Cameroon Eric Djemba Djemba 2003-05 39 2
38%
Russia Andrei Kanchelskis 1990-95 161 36
36%
France Mikael Silvestre 1999-08 361 10
34%
Iraq Zidane Iqbal 2012-present 1 0
31%
China Fangzhou Dong 2004-08 3 0
28%
Tunisia Hannibal Mejbri 2019-present 3 0
26%
Senegal Mame Biram Diouf 2009-12 9 1
23%
Angola Manucho 2008-09 3 0
20%
Poland Tomasz Kuszczak 2006-12 61 0
18%
Slovakia Martin Dubravka 2022-23 2 0
16%
Scotland Arthur Albiston 1974-88 485 7
8%
Switzerland Saidy Janko 2014-15 1 0
3%
Yugoslavia Nikola Jovanovic 1979-81 26 4
2%
Republic of Ireland Tony Dunne 1960-73 535 0
2%
No matching quizzes found
Score Distribution
Percent of People with Each Score
Percentile by Number Answered
Your Score History
You have not taken this quiz